| 000 | 00358nam a2200145Ia 4500 | ||
|---|---|---|---|
| 008 | 230312s9999||||xx |||||||||||||| ||und|| | ||
| 020 | _a0-7645-0261-1 | ||
| 082 |
_a005.8 _bRAT-W |
||
| 100 | _aRathbone,Andy | ||
| 245 | 0 | _aWINDOWS 98 for Dummies | |
| 260 |
_bWiley Publisher _aIndian _c1999 |
||
| 546 | _aEng. | ||
| 650 |
_aComputer _vProgramming |
||
| 942 | _cBK | ||
| 999 |
_c6947 _d6947 |
||